00845nam a2200217 a 450000100100000000500170001000800410002702000150006804000250008304100380010808200180014610000200016424000410018424501530022526000430037830000260042153400490044750000720049665000140056870000450058200002349520200930022247.0101209s1989 mx r 000 0 spa d a9686677232 aDO-SdBNPbspacBNPHU17aspaheng2Código de idioma MARC a070.41bP729e1 aPlotnik, Arthur10aThe elements of editing.lEspañol.10aLos elementos de la edición :buna guía moderna para editores y periodistas /cArthur Plotnik ; traducción Guadalupe Meza Staines de Gárate. aMéxico, D.F. :bPubligrafics,c1989. a194, [1] p. ;c22 cm. aTítulo original :tThe elements of editing aIncluye referencias bibliográficas y notas al pie de la páginas 4aEdición1 aStaines de Gárate, Guadalupe Mezaetr.